| 000 | 00577nam a22002057a 4500 | ||
|---|---|---|---|
| 999 |
_c6212 _d6212 |
||
| 003 | OSt | ||
| 005 | 20190813103049.0 | ||
| 008 | 190813b ||||| |||| 00| 0 eng d | ||
| 020 | _a9780387986760 | ||
| 040 | _cDDC | ||
| 082 | _a577OKU 2001. | ||
| 100 |
_aOkubo,Akira;Levin,A.Simon; _912792 |
||
| 245 |
_aDiffusion and Ecological problems: _bModern Perspectives. |
||
| 250 | _a2nd ed. | ||
| 260 |
_aNew York. _bSpringer. _c2001 |
||
| 300 |
_axx,467p; _bill, _c24cm. |
||
| 504 | _aincludes references and index. | ||
| 650 |
_aMathematical Biology _93936 |
||
| 942 |
_2ddc _cO_SHELF |
||